| 000 | 00718nam a22002177a 4500 | ||
|---|---|---|---|
| 008 | 161112b xxu||||| |||| 00| 0 eng d | ||
| 020 | _a978-971-0161-88-1 | ||
| 082 |
_22014 _aDFil 516.24 _bIb1p |
||
| 100 |
_917177 _aIbañez, Edwin D. |
||
| 245 |
_aPlane trigonometry/ _cEdwin D. Ibañez...[and five others] |
||
| 260 |
_aMalabon City: _bJimczyville Publications, _cc2014. |
||
| 300 |
_aiv, 202 pages: _billustrations; _c25 cm. |
||
| 650 | 0 |
_917178 _aTrigonometry |
|
| 700 |
_917179 _aPaguio, Darwin P/ |
||
| 700 |
_917180 _aGadia, Ediric D. |
||
| 700 |
_917181 _aSoriano, Dynah D. |
||
| 700 |
_917182 _aFabay, Geraldine B. |
||
| 700 |
_917183 _aBaquiran, Mark Denice Y. |
||
| 365 |
_b586.00 _cPhp |
||
| 942 |
_2ddc _cDFIL |
||
| 999 |
_c5578 _d5578 |
||